| 000 | 00662nam a22002057a 4500 | ||
|---|---|---|---|
| 999 |
_c16776 _d16776 |
||
| 003 | AR-CdUCM | ||
| 008 | 190506b ||||| |||| 00| 0 spa d | ||
| 040 |
_aMUNICIPALIDAD PROVINCIAL DEL CUSCO _cBIBLIOTECA MUNICIPAL DEL CUSCO |
||
| 082 |
_a341 / _bF83 |
||
| 100 |
_aFriedrich, Carl Joachim _936431 |
||
| 245 | _aLa Filosofía del derecho / | ||
| 260 |
_aMéxico : _bFondo de Cultura Económica, _c1964. |
||
| 300 |
_a443 páginas ; _c19 cm. |
||
| 505 | _aContenido: El desarrollo histórico -- Análisis sistemático. | ||
| 650 |
_aDerecho _9739 |
||
| 650 |
_aFilosofía _9395 |
||
| 650 |
_aHistoria _9136 |
||
| 942 |
_2ddc _cLIBROS |
||
| 945 |
_aacv _d2019-05-06 |
||